Normal view
MARC view
- INTISAR, AEMAN, MADEEHA
Entry Personal Name
001 - CONTROL NUMBER
- control field: 71418
003 - CONTROL NUMBER IDENTIFIER
- control field: NUST
005 - DATE AND TIME OF LATEST TRANSACTION
- control field: 20210628204631.0
008 - FIXED-LENGTH DATA ELEMENTS
- fixed length control field: 210628|| aca||aabn | a|a d
040 ## - CATALOGING SOURCE
- Original cataloging agency: NUST
- Transcribing agency: NUST
100 ## - HEADING--PERSONAL NAME
- Personal name: INTISAR, AEMAN, MADEEHA
670 ## - SOURCE DATA FOUND
- Source citation: Work cat.: (NUST): INTISAR, AEMAN, MADEEHA, PR-SOF-1310-A SYSTEM FOR UNIFIED DIAGNOSIS AND ANALYSIS OF THALLIUM SCAN AND CT ANGIOGRAPHY, 2013
